[Event "PARDUBICE OPEN  2007 "]
[Site "?"]
[Date "2007.07.25"]
[Round "6"]
[White "Oleksienko, Mikhailo"]
[Black "Kuljasevic, Davorin"]
[Result "1/2-1/2"]
[WhiteElo "2567"]
[BlackElo "2454"]
[PlyCount "77"]

1. e4 c5 2. Nf3 Nc6 3. d4 cxd4 4. Nxd4 Nf6 5. Nc3 e5 6. Ndb5 d6 7. Bg5 a6 8.
Na3 b5 9. Bxf6 gxf6 10. Nd5 f5 11. Bd3 Be6 12. O-O Bxd5 13. exd5 Ne7 14. Re1
Bg7 15. Rb1 O-O 16. c4 e4 17. Bf1 Ng6 18. cxb5 axb5 19. Bxb5 Be5 20. Bc6 Ra7
21. Nc4 Rxa2 22. Qh5 Qf6 23. Bd7 f4 24. Rxe4 Bxb2 25. Re2 Ra7 26. Bf5 Bd4 27.
Nd2 Rfa8 28. g3 Qg7 29. Rbe1 Be5 30. Kh1 Ra1 31. Nf3 Rxe1+ 32. Rxe1 Ra1 33.
Rxa1 Bxa1 34. Ng5 Bf6 35. Ne4 Be7 36. Qf3 fxg3 37. hxg3 Qd4 38. Qh5 Kg7 39. Kg1
1/2-1/2

[Event "PARDUBICE OPEN  2007 "]
[Site "?"]
[Date "2007.07.25"]
[Round "6"]
[White "Laznicka, Viktor"]
[Black "Smerdon, David"]
[Result "1-0"]
[WhiteElo "2594"]
[BlackElo "2461"]
[PlyCount "55"]
[EventDate "2007.??.??"]

1. d4 Nf6 2. c4 e6 3. Nf3 d5 4. Nc3 Bb4 5. cxd5 exd5 6. Bg5 O-O 7. e3 c5 8.
dxc5 Nbd7 9. Rc1 Qa5 10. a3 Bxc3+ 11. Rxc3 Ne4 12. b4 Nxc3 13. Qa1 Qa4 14. Qxc3
a5 15. b5 Nxc5 16. Qxc5 Bd7 17. Qc1 Rac8 18. Qa1 Bxb5 19. Nd4 Bxf1 20. Rxf1
Rfe8 21. Kd2 f6 22. Bf4 g5 23. Bg3 f5 24. f4 Re4 25. Qb2 Rc4 26. Nxf5 d4 27.
fxg5 Rc3 28. Nh6+ 1-0

[Event "PARDUBICE OPEN  2007 "]
[Site "?"]
[Date "2007.07.25"]
[Round "6"]
[White "Hasangatin, Ramil"]
[Black "Bobras, Piotr"]
[Result "1/2-1/2"]
[WhiteElo "2476"]
[BlackElo "2558"]
[PlyCount "20"]
[EventDate "2007.??.??"]

1. d4 Nf6 2. Nf3 g6 3. Bf4 Bg7 4. e3 O-O 5. h3 c5 6. c3 b6 7. Nbd2 Bb7 8. Be2
d6 9. O-O Nbd7 10. a4 a6 1/2-1/2

[Event "PARDUBICE OPEN  2007 "]
[Site "?"]
[Date "2007.07.25"]
[Round "6"]
[White "Zilberman, Yaacov"]
[Black "Babula, Vlastimil"]
[Result "0-1"]
[WhiteElo "2473"]
[BlackElo "2577"]
[PlyCount "112"]
[EventDate "2007.??.??"]

1. d4 Nf6 2. c4 e6 3. Nc3 Bb4 4. e3 O-O 5. Bd3 d5 6. Nf3 c5 7. O-O dxc4 8. Bxc4
Nbd7 9. a3 Ba5 10. Qe2 cxd4 11. exd4 Bxc3 12. bxc3 Qc7 13. Bd2 b6 14. Rfe1 Bb7
15. Bd3 Rac8 16. c4 Rfd8 17. Rac1 Qd6 18. Bb4 Qf4 19. Qe3 Nh5 20. Be7 Re8 21.
Bg5 Qxe3 22. fxe3 h6 23. Bh4 g6 24. Nd2 e5 25. Ne4 exd4 26. Nd6 Nc5 27. Bb1 d3
28. Rcd1 g5 29. Nxc8 Rxc8 30. Bf2 Be4 31. Rf1 Ng7 32. Be1 Nf5 33. Kf2 Bxg2 34.
Rg1 Be4 35. Bb4 Rd8 36. Bxc5 bxc5 37. Rd2 Nh4 38. Rgd1 Nf3 39. Rb2 Ne5 40. Ba2
Ng4+ 41. Ke1 Nxe3 42. Rc1 Nf5 43. Kd2 Nd4 44. Bb1 f5 45. Rf1 Nf3+ 46. Kc3 Kg7
47. Rd1 d2 48. Bc2 Kg6 49. a4 g4 50. a5 h5 51. Rb5 h4 52. Rxc5 g3 53. hxg3 hxg3
54. Bxe4 fxe4 55. Rc6+ Kf5 56. Rc7 g2 0-1

[Event "PARDUBICE OPEN  2007 "]
[Site "?"]
[Date "2007.07.25"]
[Round "6"]
[White "Totsky, Leonid"]
[Black "Kotronias, Vasilios"]
[Result "1-0"]
[WhiteElo "2484"]
[BlackElo "2602"]
[PlyCount "103"]
[EventDate "2007.??.??"]

1. e4 c5 2. g3 d5 3. d3 dxe4 4. dxe4 Qxd1+ 5. Kxd1 Nc6 6. Be3 e5 7. c3 g6 8. f3
Bd7 9. Nd2 O-O-O 10. Kc2 f5 11. Rd1 Kc7 12. Nh3 h6 13. Nb3 b6 14. Nf2 Nf6 15.
Kc1 Bd6 16. Kc2 Rdf8 17. Be2 Be6 18. exf5 gxf5 19. Bc1 c4 20. Nd2 Bc5 21. Rhf1
b5 22. b4 Be7 23. a4 a6 24. Nb1 Nd5 25. Na3 Rb8 26. axb5 axb5 27. Rfe1 Bf6 28.
Bf1 Rb7 29. Bh3 Ra8 30. Ne4 fxe4 31. Bxe6 Ndxb4+ 32. cxb4 Nd4+ 33. Rxd4 exd4
34. Rxe4 Rxa3 35. Bxa3 Ra7 36. Bc1 Ra2+ 37. Kb1 Rxh2 38. Bf4+ Kd8 39. Be5 Rh1+
40. Ka2 Rh2+ 41. Ka3 Bxe5 42. Rxe5 Rc2 43. Rxb5 Ke7 44. Bxc4 Rxc4 45. Rc5 Rxc5
46. bxc5 Ke6 47. Kb4 Kd5 48. c6 Kxc6 49. Kc4 d3 50. Kxd3 Kd5 51. Ke3 Ke5 52. g4
1-0

[Event "PARDUBICE OPEN  2007 "]
[Site "?"]
[Date "2007.07.25"]
[Round "6"]
[White "Gajewski, Grzegorz"]
[Black "Janturin, Artur"]
[Result "1-0"]
[WhiteElo "2556"]
[BlackElo "2435"]
[PlyCount "70"]
[EventDate "2007.??.??"]

1. g3 f5 2. Nf3 Nf6 3. Bg2 d5 4. O-O Nbd7 5. c4 dxc4 6. Qa4 c6 7. Qxc4 Nb6 8.
Qb3 Qd6 9. Nc3 Be6 10. Qc2 g6 11. d3 Nfd5 12. Nxd5 Qxd5 13. Ng5 Qd7 14. Qc3 Rg8
15. e4 Bg7 16. Qa3 fxe4 17. Nxe6 Qxe6 18. dxe4 Qd6 19. Qb3 O-O-O 20. Bf4 Be5
21. Be3 Qf6 22. a4 Bd4 23. Bh3+ Kb8 24. a5 Na8 25. e5 Bxe5 26. a6 b6 27. Rac1
Rgf8 28. Rc2 Bd4 29. Bh6 Rfe8 30. Rfc1 Rd6 31. Bg2 Rc8 32. Bxc6 Rdxc6 33. Bf4+
e5 34. Qd5 exf4 35. Rxc6 Nc7 1-0

[Event "PARDUBICE OPEN  2007 "]
[Site "?"]
[Date "2007.07.25"]
[Round "6"]
[White "Korobov, Anton"]
[Black "Stopa, Jacek"]
[Result "1-0"]
[WhiteElo "2530"]
[BlackElo "2400"]
[PlyCount "113"]
[EventDate "2007.??.??"]

1. d4 g6 2. c4 Bg7 3. Nc3 d6 4. Nf3 Nf6 5. e4 O-O 6. Be2 Bg4 7. Be3 Nfd7 8. Rc1
a6 9. d5 c5 10. a4 a5 11. h3 Bxf3 12. Bxf3 Na6 13. Be2 Nb4 14. Qd2 Ra6 15. h4
e5 16. g4 f6 17. Nb5 Rf7 18. Bf1 Bf8 19. Bh3 Be7 20. g5 Nf8 21. Rc3 f5 22. exf5
gxf5 23. f3 Kh8 24. Rg1 f4 25. Bf2 Rg7 26. Bg4 h6 27. gxh6 Rg6 28. h5 Rxh6 29.
Rc1 Nh7 30. Nc3 Ra8 31. Ne4 Ng5 32. Qe2 Nxe4 33. Qxe4 Bh4 34. Rh1 Bxf2+ 35.
Kxf2 Qe7 36. Be6 Rf8 37. Rcg1 Qh7 38. Qxh7+ Kxh7 39. Rg5 Kh8 40. Bf5 Rg8 41.
Rhg1 Rxg5 42. Rxg5 Rf6 43. Kg2 Na2 44. Be6 Nc1 45. Rg8+ Kh7 46. Rd8 Kh6 47.
Rxd6 e4 48. fxe4 f3+ 49. Kf1 Nd3 50. Rd8 Rf4 51. Rh8+ Kg5 52. Rg8+ Kxh5 53. Bf5
Nxb2 54. d6 Nxc4 55. d7 Ne3+ 56. Kf2 Nd1+ 57. Kg3 1-0

[Event "PARDUBICE OPEN  2007 "]
[Site "?"]
[Date "2007.07.25"]
[Round "6"]
[White "Boskovic, Drasko"]
[Black "Dvoirys, Semen"]
[Result "0-1"]
[WhiteElo "2473"]
[BlackElo "2577"]
[PlyCount "78"]
[EventDate "2007.??.??"]

1. e4 c5 2. Nf3 d6 3. d4 cxd4 4. Nxd4 Nf6 5. Nc3 a6 6. Bg5 e6 7. f4 Qb6 8. Qd2
Qxb2 9. Rb1 Qa3 10. f5 Nc6 11. fxe6 fxe6 12. Nxc6 bxc6 13. e5 dxe5 14. Bxf6
gxf6 15. Ne4 Qxa2 16. Rd1 Be7 17. Be2 O-O 18. O-O Ra7 19. Rf3 Rd7 20. Rg3+ Kh8
21. Qh6 Rxd1+ 22. Bxd1 Rf7 23. Qh5 Qa5 24. Kf1 Qb5+ 25. Be2 Qb1+ 26. Kf2 Qb7
27. Qg4 Qb6+ 28. Kf1 Qd8 29. Rd3 Qf8 30. Qh5 Rg7 31. h4 f5 32. Ng5 Bxg5 33.
hxg5 Qe7 34. Rb3 Qxg5 35. Rb8 Qxg2+ 36. Ke1 Qg1+ 37. Bf1 Qe3+ 38. Kd1 Qd4+ 39.
Kc1 Rg8 0-1

[Event "PARDUBICE OPEN  2007 "]
[Site "CEZ arena,  Pardubice  (CZE)"]
[Date "2007.07.25"]
[Round "6"]
[White "Ibrayev, Nurlan"]
[Black "Polzin, Rainer"]
[Result "1-0"]
[WhiteElo "2468"]
[BlackElo "2505"]
[PlyCount "85"]
[EventDate "2007.07.20"]

1. c4 Nf6 2. Nf3 g6 3. g3 Bg7 4. Bg2 O-O 5. d4 d6 6. O-O Nbd7 7. Nc3 e5 8. e4
a6 9. Re1 exd4 10. Nxd4 Rb8 11. a4 Ne5 12. b3 c5 13. Nc2 Ne8 14. Bb2 Nc7 15. a5
Nc6 16. Qd2 Ne6 17. Nd1 Ned4 18. Nxd4 Nxd4 19. Re3 b5 20. axb6 Rxb6 21. Ra3 Be6
22. Rd3 Qe7 23. Ne3 Rfb8 24. Bxd4 cxd4 25. Nc2 Bxc4 26. bxc4 Rb1+ 27. Bf1 R8b2
28. Qe2 d5 29. Rxa6 dxc4 30. Ra8+ Rb8 31. Rxb8+ Rxb8 32. Rxd4 Bxd4 33. Nxd4 Qc5
34. Nc2 Rb2 35. Qd1 c3 36. Qd8+ Kg7 37. Bd3 Rb1+ 38. Kg2 Rd1 39. Ne3 Rd2 40.
Ng4 Rxd3 41. Qf6+ Kg8 42. Ne5 Qc7 43. Nxd3 1-0

[Event "PARDUBICE OPEN  2007 "]
[Site "CEZ arena,  Pardubice  (CZE)"]
[Date "2007.07.25"]
[Round "6"]
[White "Gumula, Daniel"]
[Black "Kononenko, Dmitry"]
[Result "1-0"]
[WhiteElo "2387"]
[BlackElo "2501"]
[PlyCount "133"]
[EventDate "2007.07.20"]

1. d4 Nf6 2. c4 c5 3. d5 e6 4. Nc3 exd5 5. cxd5 d6 6. e4 g6 7. f4 Bg7 8. Bb5+
Nfd7 9. Nf3 O-O 10. O-O a6 11. Bd3 b5 12. a3 Re8 13. Qe1 Nf6 14. Qh4 Nh5 15.
Qf2 Nd7 16. Bd2 Ndf6 17. Qh4 Bg4 18. Rae1 Bxf3 19. Rxf3 Nd7 20. Qh3 c4 21. Bc2
a5 22. g4 Nhf6 23. g5 Nh5 24. Kh1 b4 25. Nb5 Nc5 26. axb4 axb4 27. Bxb4 Rb8 28.
Bxc5 Rxb5 29. Ba3 Bxb2 30. Ba4 Qa5 31. Bxb5 Qxe1+ 32. Qf1 Qxf1+ 33. Rxf1 Rb8
34. Bxb2 Rxb5 35. Bd4 f6 36. gxf6 Kf7 37. Ra1 Rb7 38. e5 Nxf4 39. e6+ Nxe6 40.
dxe6+ Kxe6 41. Re1+ Kf7 42. Kg2 g5 43. Kf3 h6 44. Ke4 Ke6 45. Kf3+ Kf7 46. Rc1
Rb3+ 47. Rc3 h5 48. Ke4 Ke6 49. Ke3 d5 50. Kf3 Kf7 51. Re3 Kg6 52. Kf2 Rb7 53.
Re5 Rc7 54. Ke2 c3 55. Kd1 c2+ 56. Kc1 h4 57. Rxd5 g4 58. Be5 Rc4 59. Rd7 Kf5
60. f7 Rc8 61. Rc7 Rf8 62. Bd6 g3 63. hxg3 h3 64. g4+ Kxg4 65. Rc4+ Kg5 66.
Be7+ Kh5 67. Rh4+ 1-0

[Event "PARDUBICE OPEN  2007 "]
[Site "CEZ arena,  Pardubice  (CZE)"]
[Date "2007.07.25"]
[Round "6"]
[White "Mochalov, Evgeny V"]
[Black "Henrichs, Thomas"]
[Result "1-0"]
[WhiteElo "2429"]
[BlackElo "2496"]
[PlyCount "39"]
[EventDate "2007.07.20"]

1. d4 Nf6 2. c4 g6 3. g3 Bg7 4. Bg2 d5 5. cxd5 Nxd5 6. e4 Nb4 7. Ne2 e5 8. d5
c6 9. Nbc3 cxd5 10. Nxd5 O-O 11. O-O Nxd5 12. exd5 f5 13. Be3 Nd7 14. Qb3 Nf6
15. Rfd1 Rf7 16. Rac1 h6 17. d6 Qe8 18. Rc7 e4 19. Re7 Qf8 20. Nf4 1-0

[Event "PARDUBICE OPEN  2007 "]
[Site "CEZ arena,  Pardubice  (CZE)"]
[Date "2007.07.25"]
[Round "6"]
[White "Kravtsiv, Martyn"]
[Black "Krejci, Jan"]
[Result "1-0"]
[WhiteElo "2492"]
[BlackElo "2315"]
[PlyCount "133"]
[EventDate "2007.07.20"]

1. e4 e5 2. Nf3 Nc6 3. Bb5 a6 4. Ba4 Nf6 5. O-O Be7 6. Re1 b5 7. Bb3 O-O 8. c3
d6 9. h3 Na5 10. Bc2 c5 11. d4 Qc7 12. Nbd2 cxd4 13. cxd4 Nc6 14. Nb3 a5 15.
Be3 a4 16. Nbd2 Bd7 17. Rc1 Qb7 18. Qe2 Rfe8 19. Bd3 Rab8 20. a3 h6 21. Qf1 Bd8
22. dxe5 Nxe5 23. b4 Nxf3+ 24. gxf3 Be6 25. f4 Bb6 26. Kh2 Kh8 27. Qg2 Bxe3 28.
fxe3 Rbc8 29. Rg1 Rg8 30. Nf3 Bc4 31. e5 Bxd3 32. exf6 g6 33. Nd4 Be4 34. Qe2
Qd5 35. h4 Rc4 36. Rxc4 bxc4 37. Rc1 Bd3 38. Qf3 Qxf3 39. Nxf3 Re8 40. b5 Rxe3
41. Nd4 Re8 42. Kg1 Rb8 43. Kf2 d5 44. Ke3 Kg8 45. Kd2 Kf8 46. Kc3 Ke8 47. Kb4
Rb6 48. Kc5 Rxf6 49. b6 Kd7 50. Re1 Be4 51. Kb5 Kc8 52. Ka6 Kb8 53. Re3 Rd6 54.
f5 Rf6 55. fxg6 fxg6 56. Re1 c3 57. Re3 c2 58. Nxc2 Rc6 59. Nb4 Rc4 60. Kb5 Kb7
61. Na6 g5 62. hxg5 hxg5 63. Rg3 Bg6 64. Rxg5 Be8+ 65. Ka5 Rf4 66. Nc5+ Kb8 67.
Rg8 1-0

[Event "PARDUBICE OPEN  2007 "]
[Site "CEZ arena,  Pardubice  (CZE)"]
[Date "2007.07.25"]
[Round "6"]
[White "Khmelniker, Ilya"]
[Black "Schneider, Dmitry"]
[Result "0-1"]
[WhiteElo "2427"]
[BlackElo "2488"]
[PlyCount "104"]
[EventDate "2007.07.20"]

1. d4 d5 2. Nf3 c6 3. c4 e6 4. Nc3 dxc4 5. g3 b5 6. Bg2 Bb7 7. O-O Nd7 8. a4 a6
9. Ne5 Qc8 10. Ne4 Ngf6 11. Nxf7 Kxf7 12. Ng5+ Ke7 13. e4 h6 14. Nf3 Qe8 15.
Qc2 c5 16. d5 e5 17. Nh4 g6 18. f4 Kf7 19. Bh3 Kg7 20. Be6 Bd6 21. Bd2 Qb8 22.
Nf3 Qc7 23. Bc3 Rhf8 24. Rae1 b4 25. Bd2 a5 26. Qc1 Rh8 27. Nh4 Nf8 28. f5 Nxe6
29. dxe6 Bxe4 30. Rxe4 Nxe4 31. Qc2 Nf6 32. fxg6 e4 33. Qxc4 Rae8 34. Nf5+ Kxg6
35. Nh4+ Kg7 36. Nf5+ Kh7 37. Nxh6 Qe7 38. Nf7 Rhg8 39. Ng5+ Rxg5 40. Bxg5 Be5
41. Bxf6 Bxf6 42. Qxe4+ Kh8 43. Qg6 Rf8 44. Kg2 Qb7+ 45. Rf3 Bg7 46. Qh5+ Kg8
47. e7 Qxe7 48. Qd5+ Rf7 49. Rxf7 Qxf7 50. Qxc5 Bxb2 51. Qxa5 Qb7+ 52. Kf1 Qf3+
0-1

[Event "PARDUBICE OPEN  2007 "]
[Site "CEZ arena,  Pardubice  (CZE)"]
[Date "2007.07.25"]
[Round "6"]
[White "Pribyl, Josef"]
[Black "Heberla, Bartolomiej"]
[Result "1/2-1/2"]
[WhiteElo "2383"]
[BlackElo "2484"]
[PlyCount "172"]
[EventDate "2007.07.20"]

1. Nf3 g6 2. d4 Bg7 3. e4 c5 4. dxc5 Qa5+ 5. Nc3 Bxc3+ 6. bxc3 Qxc3+ 7. Bd2
Qxc5 8. Bd3 d6 9. Rb1 Nd7 10. O-O Ngf6 11. Rb5 Qc7 12. Bh6 a6 13. Rb4 Nc5 14.
Qa1 Rg8 15. Re1 e5 16. h3 Be6 17. a4 Nfd7 18. a5 f6 19. Be3 Kf7 20. Nd2 Kg7 21.
Reb1 Rgb8 22. Be2 Qc6 23. f3 b6 24. axb6 Rxb6 25. Rxb6 Nxb6 26. Qa5 Nbd7 27.
Ra1 Rb8 28. Qc3 Rc8 29. Ra3 Qb7 30. Qa1 Rc6 31. Kh2 h5 32. Nb3 Bxb3 33. cxb3
Nxb3 34. Qb2 Nbc5 35. Qxb7 Nxb7 36. Bxa6 Nbc5 37. Bb5 Rc7 38. Ra8 h4 39. Rd8 g5
40. Bxc5 Nxc5 41. Rxd6 Nb3 42. Rd7+ Rxd7 43. Bxd7 Kf8 44. Ba4 Nd4 45. Kg1 Ke7
46. Kf2 Kd6 47. Bd1 Kc5 48. Be2 Kb4 49. Ke3 Kc3 50. Ba6 Ne6 51. Ke2 Nf4+ 52.
Kf2 Kd2 53. Bc4 Kd1 54. Kf1 Kc2 55. Kf2 Kc3 56. Ba6 Kc2 57. Bb5 Ne6 58. Bc4 Nd4
59. Ke1 Kc3 60. Ba6 Ne6 61. Ke2 Nc5 62. Bb5 Kc2 63. Ke1 Ne6 64. Bc4 Nf4 65. Kf2
Kd2 66. Bb5 Ne6 67. Bc4 Nd4 68. Ba6 Nc2 69. Bb5 Na3 70. Ba6 Nb1 71. Bc4 Nc3 72.
Bb3 Kd3 73. Be6 Nd1+ 74. Kf1 Nb2 75. Kf2 Kd2 76. Bd7 Nd3+ 77. Kf1 Ke3 78. Bb5
Nb4 79. Ba4 Na6 80. Bb5 Nc5 81. Bc4 Nb7 82. Ke1 Nd6 83. Be6 Nb5 84. Kf1 Nd4 85.
Bg4 Ne2 86. Ke1 Nf4 1/2-1/2

[Event "PARDUBICE OPEN  2007 "]
[Site "CEZ arena,  Pardubice  (CZE)"]
[Date "2007.07.25"]
[Round "6"]
[White "Kovacevic, Blazimir"]
[Black "Novikov, Stanislav"]
[Result "1/2-1/2"]
[WhiteElo "2457"]
[BlackElo "2562"]
[PlyCount "63"]
[EventDate "2007.07.20"]

1. d4 d6 2. Nf3 g6 3. c4 Bg7 4. Nc3 Bg4 5. e3 Nf6 6. Be2 O-O 7. O-O Nc6 8. h3
Bxf3 9. Bxf3 Nd7 10. Rb1 e5 11. Bxc6 bxc6 12. d5 c5 13. b4 Qh4 14. e4 f5 15.
Qe2 cxb4 16. Rxb4 Nc5 17. Ba3 Bh6 18. Rbb1 Nxe4 19. Nxe4 fxe4 20. c5 e3 21.
cxd6 exf2+ 22. Rxf2 Rxf2 23. Qxf2 Qe4 24. Re1 Qd3 25. Bc5 cxd6 26. Bxd6 Qxd5
27. Bxe5 Rf8 28. Qxa7 Ra8 29. Qf2 Qxa2 30. Qf6 Qa7+ 31. Kh1 Bg7 32. Qxg7+
1/2-1/2

[Event "PARDUBICE OPEN  2007 "]
[Site "CEZ arena,  Pardubice  (CZE)"]
[Date "2007.07.25"]
[Round "6"]
[White "Markgraf, Alexander"]
[Black "Markos, Jan"]
[Result "1/2-1/2"]
[WhiteElo "2452"]
[BlackElo "2559"]
[PlyCount "116"]
[EventDate "2007.07.20"]

1. e4 e5 2. Nf3 Nc6 3. Bc4 Nf6 4. d3 Bc5 5. c3 a6 6. O-O d6 7. Bb3 Ba7 8. Be3
O-O 9. Nbd2 Be6 10. Bxe6 fxe6 11. Qb3 Qd7 12. Bxa7 Rxa7 13. d4 exd4 14. Nxd4
Nxd4 15. cxd4 a5 16. Rac1 a4 17. Qc4 Rf7 18. e5 Nd5 19. Ne4 Ra8 20. Rfe1 h6 21.
Qd3 Raf8 22. Qg3 b6 23. Rcd1 dxe5 24. dxe5 Qb5 25. Rd2 Kh8 26. Nc3 Qa5 27. Re4
a3 28. Ra4 Qc5 29. Rxa3 Ne3 30. Rb3 Ng4 31. Rb5 Rxf2 32. Rxf2 Qxf2+ 33. Qxf2
Nxf2 34. Rb3 Ng4 35. h3 Nxe5 36. Nb5 Rc8 37. Re3 Nc4 38. Rxe6 Nxb2 39. Rc6 Ra8
40. Nxc7 Rxa2 41. Rxb6 Nd3 42. Nd5 Kh7 43. Rb3 Rd2 44. Ne3 Nf4 45. Kh2 Kg6 46.
Ra3 Ne2 47. Nf1 Rb2 48. Rf3 Nd4 49. Rg3+ Kf6 50. Rd3 Ke5 51. Rd2 Rb3 52. Ng3 g6
53. Ne2 Nf5 54. Ng1 Rb1 55. Ra2 Nd4 56. Ra6 Kf5 57. Ra4 Rd1 58. Nf3 Nxf3+
1/2-1/2

[Event "PARDUBICE OPEN  2007 "]
[Site "CEZ arena,  Pardubice  (CZE)"]
[Date "2007.07.25"]
[Round "6"]
[White "Kryakvin, Dmitry"]
[Black "Pozin, Sergey"]
[Result "0-1"]
[WhiteElo "2554"]
[BlackElo "2450"]
[PlyCount "194"]
[EventDate "2007.07.20"]

1. e4 c5 2. Nf3 e6 3. d4 cxd4 4. Nxd4 Nf6 5. Nc3 Bb4 6. e5 Nd5 7. Bd2 Bxc3 8.
bxc3 d6 9. Bb5+ Bd7 10. Qe2 dxe5 11. Qxe5 O-O 12. Bd3 Nc6 13. Qe4 Nf6 14. Qh4
e5 15. Nb3 e4 16. Be2 Ne5 17. Rd1 Qc7 18. O-O Neg4 19. Bc1 Rfe8 20. Rd4 Rad8
21. c4 e3 22. fxe3 Nxe3 23. Bxe3 Rxe3 24. Bd3 Rde8 25. Rxf6 Rxd3 26. Rxd3 gxf6
27. Qxf6 Re1+ 28. Kf2 Re6 29. Qd4 Bc6 30. Rg3+ Rg6 31. c3 a6 32. c5 Qe7 33. Na5
Qe6 34. Nc4 Qf5+ 35. Ke3 Bxg2 36. Ne5 Rxg3+ 37. hxg3 h5 38. a4 Bc6 39. a5 Qg5+
40. Kf2 Qf5+ 41. Ke3 Qg5+ 42. Qf4 f6 43. Nd3 Kg7 44. Kd4 Qd5+ 45. Ke3 Qg5 46.
Kd4 Qxf4+ 47. Nxf4 Kh6 48. Ne6 Kg6 49. Ke3 Kf5 50. Nd4+ Kg4 51. Kf2 f5 52. Ne2
Be4 53. Ke3 Bd5 54. Kf2 Bc6 55. Ke3 Bb5 56. Nd4 Bd7 57. Ne2 Be8 58. Kf2 Bb5 59.
Nd4 Bd7 60. Ne2 Bc6 61. Ke3 Bb5 62. Nd4 Ba4 63. Ne2 Bd1 64. Nd4 Kg5 65. Nf3+
Kg4 66. Ne5+ Kg5 67. Nf7+ Kg4 68. Nh6+ Kg5 69. Nf7+ Kf6 70. Nd6 Ke5 71. Nxb7
Kd5 72. Nd6 Kxc5 73. Nxf5 Kb5 74. Kd4 Bg4 75. Ne3 Kxa5 76. Kc5 Be2 77. Nf5 Bd3
78. Nh4 Ka4 79. Nf3 Be4 80. Ng5 Bd3 81. Nf3 Be2 82. Nh4 Kb3 83. Kb6 Kxc3 84.
Ka5 Kd4 85. Nf5+ Kd3 86. Kb4 Bg4 87. Nh4 Ke3 88. Kc3 Kf2 89. Kd4 Kxg3 90. Ng6
Bf5 91. Ne7 Bb1 92. Nd5 h4 93. Ne3 h3 94. Kc3 Be4 95. Kd4 Bg2 96. Nf5+ Kf4 97.
Ne3 a5 0-1

[Event "PARDUBICE OPEN  2007 "]
[Site "CEZ arena,  Pardubice  (CZE)"]
[Date "2007.07.25"]
[Round "6"]
[White "Maslak, Konstantin"]
[Black "Swinkels, Robin"]
[Result "1-0"]
[WhiteElo "2548"]
[BlackElo "2440"]
[PlyCount "67"]
[EventDate "2007.07.20"]

1. Nf3 Nf6 2. c4 g6 3. Nc3 d5 4. Qa4+ Bd7 5. Qb3 dxc4 6. Qxc4 Bg7 7. e4 Bc6 8.
d3 O-O 9. Be2 Nbd7 10. O-O e5 11. b4 a6 12. a4 Nb6 13. Qb3 Ne8 14. Rd1 Nd6 15.
Bg5 Qe8 16. Nd2 Bd7 17. Be3 Be6 18. Qc2 Nd7 19. Nb3 f5 20. f3 Qf7 21. Nc5 fxe4
22. Nxe6 exd3 23. Bxd3 Qxe6 24. Ne4 Rac8 25. Rac1 Nb6 26. Nc5 Qe7 27. Qb3+ Qf7
28. Qxf7+ Kxf7 29. Nxb7 Nxb7 30. Bxa6 Nd6 31. a5 Nbc4 32. Bxc4+ Nxc4 33. Rxc4
Rfe8 34. Rdc1 1-0

[Event "PARDUBICE OPEN  2007 "]
[Site "CEZ arena,  Pardubice  (CZE)"]
[Date "2007.07.25"]
[Round "6"]
[White "Zherebukh, Yaroslav"]
[Black "Zhigalko, Andrey"]
[Result "1-0"]
[WhiteElo "2418"]
[BlackElo "2529"]
[PlyCount "69"]
[EventDate "2007.07.20"]

1. e4 c5 2. Nf3 d6 3. d4 cxd4 4. Nxd4 Nf6 5. Nc3 a6 6. Be2 g6 7. Be3 Nbd7 8. g4
h6 9. Qd2 b5 10. f3 Bb7 11. O-O-O b4 12. Nd5 Nxd5 13. exd5 Bxd5 14. Qxb4 Bg7
15. h4 h5 16. Nb3 a5 17. Qa4 e6 18. Rxd5 exd5 19. Bb5 hxg4 20. Bg5 f6 21. Bd2
Bh6 22. Re1+ Kf7 23. Bxd7 gxf3 24. Bxh6 Rxh6 25. Bc6 f2 26. Rd1 Rb8 27. Qf4 Kg7
28. Nd4 Qb6 29. b3 Rc8 30. Ne6+ Kf7 31. Qxd6 Qa7 32. Bxd5 Rxh4 33. Qg3 Qd7 34.
Nf4+ Qxd5 35. Qxg6+ 1-0

[Event "PARDUBICE OPEN  2007 "]
[Site "CEZ arena,  Pardubice  (CZE)"]
[Date "2007.07.25"]
[Round "6"]
[White "Dolezal, Radoslav"]
[Black "Gavrilov, Alexei"]
[Result "1/2-1/2"]
[WhiteElo "2418"]
[BlackElo "2512"]
[PlyCount "94"]
[EventDate "2007.07.20"]

1. Nf3 d5 2. d4 c6 3. c3 Bf5 4. Bf4 Qb6 5. Qb3 h6 6. h3 Nd7 7. g4 Bh7 8. Nbd2
e6 9. Ne5 Ngf6 10. Bg2 Be7 11. O-O O-O 12. Nxd7 Nxd7 13. e4 Nf6 14. Rfe1 dxe4
15. Nxe4 Nd5 16. Be5 Rfd8 17. Qxb6 axb6 18. a3 b5 19. Rad1 Bxe4 20. Bxe4 Rd7
21. Bxd5 Rxd5 22. Kf1 Rad8 23. Ke2 Kh7 24. Bf4 h5 25. Be3 Kg6 26. Rg1 hxg4 27.
hxg4 Bg5 28. f4 Be7 29. Rdf1 f6 30. Rh1 f5 31. Rfg1 fxg4 32. Rxg4+ Kf7 33. Kf3
Bf6 34. Rg2 b6 35. Rgh2 c5 36. dxc5 bxc5 37. Rh5 c4 38. Rxd5 exd5 39. Bd4 Bxd4
40. cxd4 b4 41. axb4 Rb8 42. Re1 Rxb4 43. Re5 Rb3+ 44. Kg4 Rxb2 45. Rxd5 Rd2
46. Rc5 Rxd4 47. Kf5 Rd7 1/2-1/2

[Event "PARDUBICE OPEN  2007 "]
[Site "CEZ arena,  Pardubice  (CZE)"]
[Date "2007.07.25"]
[Round "6"]
[White "Sveshnikov, Evgeni"]
[Black "Chudinovskikh, Alexsander"]
[Result "1-0"]
[WhiteElo "2504"]
[BlackElo "2417"]
[PlyCount "53"]
[EventDate "2007.07.20"]

1. e4 e5 2. Nf3 d6 3. d4 exd4 4. Nxd4 Nf6 5. Nc3 Be7 6. g3 O-O 7. Bg2 Nc6 8.
O-O Rb8 9. h3 Nxd4 10. Qxd4 b5 11. Qxa7 Rb6 12. b4 c5 13. Qa5 cxb4 14. Nxb5 Bb7
15. Be3 Ra6 16. Qxd8 Bxd8 17. f3 Be7 18. Rfd1 Rc8 19. Bf1 Rxc2 20. Nd4 Rc3 21.
Bxa6 Bxa6 22. Kf2 g6 23. Rac1 d5 24. Nc6 Rxc1 25. Nxe7+ Kf8 26. Rxc1 Kxe7 27.
Rc6 1-0

[Event "PARDUBICE OPEN  2007 "]
[Site "CEZ arena,  Pardubice  (CZE)"]
[Date "2007.07.25"]
[Round "6"]
[White "Dobrowolski, Piotr"]
[Black "Yandemirov, Valeri"]
[Result "1/2-1/2"]
[WhiteElo "2413"]
[BlackElo "2504"]
[PlyCount "49"]
[EventDate "2007.07.20"]

1. e4 e5 2. Nf3 Nc6 3. Bb5 a6 4. Ba4 d6 5. Bxc6+ bxc6 6. d4 f6 7. Nc3 Ne7 8. h4
h5 9. dxe5 fxe5 10. Ng5 Ng6 11. Qd3 Be7 12. g3 a5 13. Be3 Bxg5 14. hxg5 Bg4 15.
f4 exf4 16. gxf4 O-O 17. O-O Qd7 18. Kh2 Rf7 19. Rf2 Raf8 20. Qd2 Qe7 21. Raf1
Bc8 22. Qe2 Bg4 23. Qd2 Bc8 24. Qe2 Bg4 25. Qd2 1/2-1/2

[Event "PARDUBICE OPEN  2007 "]
[Site "CEZ arena,  Pardubice  (CZE)"]
[Date "2007.07.25"]
[Round "6"]
[White "Vovk, Andriy"]
[Black "Cifka, Stanislav"]
[Result "1-0"]
[WhiteElo "2504"]
[BlackElo "2410"]
[PlyCount "99"]
[EventDate "2007.07.20"]

1. e4 c5 2. Nf3 e6 3. d4 cxd4 4. Nxd4 Nf6 5. Nc3 d6 6. f4 Be7 7. Bd3 Nc6 8. Nf3
Nb4 9. O-O Nxd3 10. cxd3 b6 11. Be3 Bb7 12. Nd4 O-O 13. Qf3 Re8 14. g4 Bf8 15.
Nde2 Qe7 16. Ng3 Rac8 17. Rae1 Ba8 18. Qd1 Qd8 19. g5 Nd7 20. h4 d5 21. exd5
Bxd5 22. Nxd5 exd5 23. Nf5 Nc5 24. Nd4 Ne6 25. Nxe6 Rxe6 26. f5 Rec6 27. Bd4
Qd6 28. Be5 Qb4 29. Rf4 Qa5 30. Bc3 Qc5+ 31. Kg2 d4 32. Bxd4 Qd5+ 33. Qf3 Rc2+
34. Kh3 Qxa2 35. Rfe4 Qd5 36. h5 Rc1 37. Rxc1 Rxc1 38. Bc3 Qa2 39. Re8 Qa1 40.
Bb4 Rh1+ 41. Kg3 Rg1+ 42. Kh2 Qxb2+ 43. Kxg1 Qxb4 44. g6 Qd4+ 45. Kg2 hxg6 46.
hxg6 Qb2+ 47. Kh3 Qb5 48. Rd8 a5 49. Qe4 Qb3 50. Qc4 1-0

[Event "PARDUBICE OPEN  2007 "]
[Site "CEZ arena,  Pardubice  (CZE)"]
[Date "2007.07.25"]
[Round "6"]
[White "Ostrovskiy, Andrey"]
[Black "Bromberger, Stefan"]
[Result "1/2-1/2"]
[WhiteElo "2417"]
[BlackElo "2500"]
[PlyCount "68"]
[EventDate "2007.07.20"]

1. e4 c5 2. Nf3 d6 3. d4 cxd4 4. Nxd4 Nf6 5. Nc3 a6 6. Be2 e5 7. Nb3 Be7 8. O-O
O-O 9. a4 Be6 10. Bf3 Qc7 11. Re1 Nbd7 12. Nd2 Rac8 13. Nf1 Rfd8 14. a5 Nb8 15.
Be3 Re8 16. Bb6 Qc6 17. g3 Bd8 18. Bxd8 Rexd8 19. Ne3 Qc5 20. Ncd5 Bxd5 21.
exd5 Nbd7 22. Bg2 g6 23. Ra4 e4 24. g4 h6 25. h4 Qb5 26. b3 Ne5 27. Bxe4 Nxe4
28. Rxe4 Qxa5 29. Kg2 Qc3 30. f4 Nd7 31. g5 hxg5 32. hxg5 Re8 33. Nc4 Rxe4 34.
Rxe4 b5 1/2-1/2

[Event "PARDUBICE OPEN  2007 "]
[Site "CEZ arena,  Pardubice  (CZE)"]
[Date "2007.07.25"]
[Round "6"]
[White "Orzech, Dominik"]
[Black "Schebler, Gerhard"]
[Result "1/2-1/2"]
[WhiteElo "2394"]
[BlackElo "2496"]
[PlyCount "37"]
[EventDate "2007.07.20"]

1. d4 g6 2. e4 Bg7 3. Nf3 d6 4. Nc3 Nf6 5. h3 O-O 6. Be3 a6 7. a4 Nc6 8. d5 Nb8
9. Bc4 e5 10. dxe6 Bxe6 11. Qd3 Nc6 12. O-O-O Qd7 13. Bxe6 fxe6 14. e5 Nb4 15.
Qc4 Nfd5 16. Nxd5 Nxd5 17. h4 Rf5 18. Qg4 Raf8 19. h5 1/2-1/2